Countries With The Most Lebanese Ancestry - Statistics

General Stats
  • This quiz has been taken 44 times
  • The average score is 23 of 30
Answer Stats
Total Country % Correct
1,40 mil United States
100%
110,000 Syria
97%
51,000 United Kingdom
94%
8,50 mil Brazil
91%
265,000 Canada
91%
375,000 France
91%
215,000 Germany
91%
5,87 mil Lebanon
89%
390,000 Australia
86%
60,000 Spain
86%
620,000 Mexico
83%
3,20 mil Argentina
80%
2,45 mil Colombia
80%
190,000 Chile
77%
124,000 Saudi Arabia
77%
1,10 mil Venezuela
77%
250,000 Ecuador
74%
208,000 Peru
74%
500,000 Dominican Republic
71%
118,000 El Salvador
69%
45,000 Panama
69%
185,000 Paraguay
69%
75,000 Uruguay
69%
80,000 Costa Rica
66%
126,000 Cuba
66%
57,000 Guatemala
66%
85,000 United Arab Emirates
66%
188,000 Honduras
57%
93,000 Nicaragua
57%
106,000 Kuwait
46%
No matching quizzes found
Score Distribution
Percent of People with Each Score
Percentile by Number Answered
Your Score History
You have not taken this quiz